[Event "Winnipeg TNT 2023.06"]
[Site "Winnipeg CAN"]
[Date "2023.06.06"]
[Round "1.8"]
[White "Gannon, Keith"]
[Black "Thompson, Peter"]
[Result "0-1"]
[WhiteElo "1450"]
[BlackElo "1780"]
[PlyCount "92"]
[EventDate "2023.06.06"]
[EventType "swiss"]
[EventRounds "4"]
[EventCountry "CAN"]

1. e4 c5 2. Nf3 d6 3. Nc3 Nf6 4. d4 cxd4 5. Nxd4 e6 6. Be2 Be7 7. O-O O-O 8.
Re1 Nc6 9. Nxc6 bxc6 10. a3 e5 11. Bg5 Be6 12. Rb1 d5 13. Bxf6 Bxf6 14. Bg4 Qd7
15. Bxe6 fxe6 16. b4 Qf7 17. f3 Qc7 18. Kh1 a6 19. Na4 Be7 20. c3 Rfd8 21. Qe2
Bd6 22. Red1 a5 23. Nc5 Bxc5 24. bxc5 Rab8 25. h3 Qe7 26. Rxb8 Rxb8 27. exd5
exd5 28. Qe3 Rb5 29. c4 Rxc5 30. cxd5 cxd5 31. Rb1 Qc7 32. Rb8+ Qxb8 33. Qxc5
Qd8 34. Kg1 Kf7 35. Kf2 Ke6 36. a4 Qh4+ 37. Kf1 Qc4+ 38. Qxc4 dxc4 39. Ke2 Kd5
40. Kd2 Kd4 41. h4 c3+ 42. Kc2 Kc4 43. g4 h6 44. h5 Kd4 45. g5 hxg5 46. Kb3 Kd3
0-1

[Event "Winnipeg TNT 2023.06"]
[Site "Winnipeg CAN"]
[Date "2023.06.06"]
[Round "1.9"]
[White "Hansima, Charitha"]
[Black "Roberts, Allan"]
[Result "0-1"]
[WhiteElo "1653"]
[BlackElo "1398"]
[PlyCount "102"]
[EventDate "2023.06.06"]
[EventType "swiss"]
[EventRounds "4"]
[EventCountry "CAN"]

1. d4 g6 2. e4 Bg7 3. Nf3 d6 4. c3 Nf6 5. Bf4 Nbd7 6. Bd3 O-O 7. Qd2 c6 8. O-O
Re8 9. Re1 e5 10. Bh6 Ng4 11. Bxg7 Kxg7 12. Na3 exd4 13. cxd4 c5 14. d5 a6 15.
Qf4 Nde5 16. Nxe5 Nxe5 17. Re3 b5 18. Nc2 Nxd3 19. Rxd3 c4 20. Rf3 Qe7 21. Re3
Bb7 22. Nd4 Qe5 23. Qxe5+ dxe5 24. Ne2 Red8 25. Rc1 Rac8 26. Rec3 Kf6 27. f3
Ke7 28. Kf2 Kd6 29. Ke3 Rc7 30. f4 f6 31. Rf1 Rdc8 32. fxe5+ Kxe5 33. Ng3 a5
34. Rc2 c3 35. bxc3 Rxc3+ 36. Rxc3 Rxc3+ 37. Kd2 Ra3 38. Ra1 f5 39. exf5 gxf5
40. d6 Kxd6 41. Nxf5+ Ke5 42. Ne3 Bc8 43. Kc2 Rxe3 44. Kd2 Ra3 45. Kc2 Be6 46.
Kb2 Rxa2+ 47. Rxa2 Bxa2 48. Kxa2 Ke4 49. Kb3 b4 50. g4 Kf4 51. h3 Kg5 0-1

[Event "Winnipeg TNT 2023.06"]
[Site "Winnipeg CAN"]
[Date "2023.06.06"]
[Round "1.10"]
[White "Ling, Aiden"]
[Black "Stordeur, Jackson"]
[Result "0-1"]
[WhiteElo "1352"]
[BlackElo "1643"]
[PlyCount "76"]
[EventDate "2023.06.06"]
[EventType "swiss"]
[EventRounds "4"]
[EventCountry "CAN"]

1. e4 c5 2. Nc3 Nc6 3. Bb5 Nd4 4. Nf3 Nxb5 5. Nxb5 d6 6. d4 a6 7. Nc3 cxd4 8.
Nxd4 Nf6 9. O-O e5 10. Nb3 Be7 11. f4 O-O 12. fxe5 dxe5 13. Bg5 Be6 14. Bxf6
Bxf6 15. Nc5 Bc4 16. Qxd8 Raxd8 17. Rfd1 Bg5 18. Nxb7 Rb8 19. Nd6 Be6 20. b3
Be3+ 21. Kf1 Bd4 22. Rd3 Rb6 23. Nc4 Bxc4 24. bxc4 Rf6+ 25. Ke1 Rc6 26. Rad1
Rxc4 27. Nd5 Rxc2 28. Rh3 Rxg2 29. Rdd3 Rb8 30. Ne7+ Kf8 31. Nc6 Rb1+ 32. Rd1
Rg1+ 33. Ke2 Rbxd1 34. Rxh7 Rge1+ 35. Kf3 Rd3+ 36. Kg4 Rg1+ 37. Kh4 Bf2+ 38.
Kh5 Rh3# 0-1

[Event "Winnipeg TNT 2023.06"]
[Site "Winnipeg CAN"]
[Date "2023.06.06"]
[Round "1.11"]
[White "De Meyer, Oliver"]
[Black "Schwartz, Elazar"]
[Result "0-1"]
[WhiteElo "1642"]
[BlackElo "1240"]
[PlyCount "82"]
[EventDate "2023.06.06"]
[EventType "swiss"]
[EventRounds "4"]
[EventCountry "CAN"]

1. d4 Nf6 2. Bf4 g6 3. e3 Bg7 4. Nf3 d6 5. Nc3 O-O 6. Bd3 Nbd7 7. Ne2 b6 8. O-O
c5 9. c3 Bb7 10. Ng3 Nd5 11. Re1 Nxf4 12. exf4 Bxf3 13. Qxf3 cxd4 14. c4 Nc5
15. Be4 Nxe4 16. Qxe4 e6 17. Rad1 Rc8 18. b3 d5 19. cxd5 Qxd5 20. Qxd5 exd5 21.
Ne2 Rfe8 22. Kf1 Rc2 23. a4 Rb2 24. Nxd4 Rxe1+ 25. Kxe1 Bxd4 26. Rxd4 Rb1+ 27.
Ke2 Rb2+ 28. Kd1 Rxf2 29. Rxd5 Rxg2 30. Rd7 Rxh2 31. Rxa7 Rb2 32. Rb7 Rxb3 33.
a5 h5 34. a6 Ra3 35. a7 Kg7 36. Kc2 h4 37. Kb2 Ra6 38. Kb3 h3 39. Kc4 h2 40.
Rxb6 h1=Q 41. Rxa6 Qf1+ 0-1

[Event "Winnipeg TNT 2023.06"]
[Site "Winnipeg CAN"]
[Date "2023.06.06"]
[Round "1.12"]
[White "Balamanage, Dineth"]
[Black "Klusa, Mark"]
[Result "0-1"]
[WhiteElo "1117"]
[BlackElo "1641"]
[PlyCount "46"]
[EventDate "2023.06.06"]
[EventType "swiss"]
[EventRounds "4"]
[EventCountry "CAN"]

1. e4 c5 2. Nf3 Nc6 3. d4 cxd4 4. Nxd4 g6 5. Nc3 Bg7 6. Be3 Nf6 7. Be2 O-O 8.
O-O d5 9. f3 dxe4 10. fxe4 Qb6 11. b3 Rd8 12. Ncb5 e5 13. Bf3 exd4 14. Qd3 dxe3
15. Qe2 Rd2 16. Qc4 e2+ 17. Kh1 exf1=Q+ 18. Rxf1 Be6 19. Qa4 Ng4 20. c4 Nf2+
21. Kg1 Nh3+ 22. Kh1 Qg1+ 23. Rxg1 Nf2# 0-1

[Event "Winnipeg TNT 2023.06"]
[Site "Winnipeg CAN"]
[Date "2023.06.13"]
[Round "2.1"]
[White "Thompson, Peter"]
[Black "Wiebe, Isaac"]
[Result "0-1"]
[WhiteElo "1780"]
[BlackElo "2195"]
[PlyCount "62"]
[EventDate "2023.06.06"]
[EventType "swiss"]
[EventRounds "4"]
[EventCountry "CAN"]

1. e4 c5 2. Nf3 Nc6 3. d4 cxd4 4. Nxd4 Nf6 5. Nc3 d6 6. Bc4 e6 7. Be3 Be7 8.
O-O O-O 9. f3 d5 10. Bb5 Nxd4 11. Bxd4 a6 12. Be2 b5 13. a3 Bb7 14. e5 Nd7 15.
f4 f6 16. Bg4 f5 17. Bf3 Nc5 18. Kh1 Ne4 19. Bxe4 dxe4 20. Ne2 Rc8 21. c3 Bd5
22. Re1 Bh4 23. Rf1 Qe8 24. Be3 Bc4 25. g3 Rd8 26. Qe1 Be7 27. Rd1 Qh5 28. Rf2
Rxd1 29. Qxd1 Rd8 30. Qe1 Rd3 31. Bd4 e3 0-1

[Event "Winnipeg TNT 2023.06"]
[Site "Winnipeg CAN"]
[Date "2023.06.13"]
[Round "2.2"]
[White "Babb, Jeff"]
[Black "Abdildin, Amangeldi"]
[Result "1-0"]
[WhiteElo "2136"]
[BlackElo "1835"]
[PlyCount "75"]
[EventDate "2023.06.06"]
[EventType "swiss"]
[EventRounds "4"]
[EventCountry "CAN"]

1. f4 d5 2. e3 Nf6 3. Nf3 Bg4 4. h3 Bxf3 5. Qxf3 e6 6. g4 Ne4 7. g5 f6 8. d3
Nd6 9. h4 Be7 10. Bh3 f5 11. b3 g6 12. Bb2 Rg8 13. h5 c6 14. Nd2 Nd7 15. e4 Qa5
16. exf5 exf5 17. a3 O-O-O 18. b4 Qb6 19. Nb3 Rde8 20. O-O-O Qc7 21. Bg2 Nb6
22. hxg6 hxg6 23. Rh7 Na4 24. Be5 Qd8 25. Qf2 b6 26. Nd4 c5 27. Nc6 Qd7 28.
Bxd5 Rgf8 29. Nxa7+ Qxa7 30. Bxd6 Nc3 31. Be6+ Kd8 32. Be5 Qxa3+ 33. Kd2 Nxd1
34. Kxd1 Qxb4 35. Qf3 Qb1+ 36. Kd2 Qb4+ 37. Bc3 Qa4 38. Qd5+ 1-0

[Event "Winnipeg TNT 2023.06"]
[Site "Winnipeg CAN"]
[Date "2023.06.13"]
[Round "2.3"]
[White "Stordeur, Jackson"]
[Black "Zashev, Aleksandar"]
[Result "0-1"]
[WhiteElo "1643"]
[BlackElo "2074"]
[PlyCount "54"]
[EventDate "2023.06.06"]
[EventType "swiss"]
[EventRounds "4"]
[EventCountry "CAN"]

1. d4 Nf6 2. c4 e6 3. Nc3 d5 4. cxd5 exd5 5. Bg5 c6 6. e3 Be7 7. Bd3 O-O 8. Qc2
Nbd7 9. Nge2 g6 10. O-O-O Ng4 11. Bxe7 Qxe7 12. Nf4 f5 13. h4 Ndf6 14. h5 g5
15. Nh3 Ne4 16. Bxe4 fxe4 17. Rdf1 h6 18. Qe2 Bd7 19. Kb1 Rae8 20. Ka1 Rf7 21.
Nd1 b5 22. Qc2 a5 23. Re1 Qd6 24. Qe2 Ref8 25. Rhf1 Bc8 26. f4 exf3 27. gxf3
Nh2 0-1

[Event "Winnipeg TNT 2023.06"]
[Site "Winnipeg CAN"]
[Date "2023.06.13"]
[Round "2.4"]
[White "Currie, James"]
[Black "Zhou, Joe"]
[Result "0-1"]
[WhiteElo "1951"]
[BlackElo "1621"]
[PlyCount "50"]
[EventDate "2023.06.06"]
[EventType "swiss"]
[EventRounds "4"]
[EventCountry "CAN"]

1. e4 e5 2. f4 exf4 3. Nf3 Nc6 4. d4 d5 5. e5 g5 6. h4 g4 7. Ng1 Bh6 8. Ne2 f6
9. Bxf4 Bxf4 10. Nxf4 fxe5 11. dxe5 Nge7 12. Nc3 d4 13. Ne4 Nxe5 14. Nf6+ Kf7
15. N4h5 Nd5 16. Qxd4 Nxf6 17. Qxe5 Re8 18. Bc4+ Kf8 19. O-O Rxe5 20. Rxf6+
Qxf6 21. Nxf6 Be6 22. Bb3 Kg7 23. Bxe6 Rxe6 24. Nxg4 Re2 25. Rc1 Rd8 0-1

[Event "Winnipeg TNT 2023.06"]
[Site "Winnipeg CAN"]
[Date "2023.06.13"]
[Round "2.5"]
[White "Roberts, Allan"]
[Black "Rutter, Blair"]
[Result "0-1"]
[WhiteElo "1398"]
[BlackElo "1890"]
[PlyCount "56"]
[EventDate "2023.06.06"]
[EventType "swiss"]
[EventRounds "4"]
[EventCountry "CAN"]

1. e4 e6 2. d4 d5 3. Nc3 Be7 4. exd5 exd5 5. Bd3 Nf6 6. Nge2 O-O 7. h3 c6 8.
Be3 Re8 9. Ng3 Bd6 10. Qf3 Qc7 11. Nf5 Bxf5 12. Bxf5 b5 13. O-O Nbd7 14. g4 b4
15. Ne2 g6 16. Bd3 Re6 17. Ng3 Rae8 18. Bd2 Ne4 19. Bxe4 dxe4 20. Qg2 Nb6 21.
b3 Nd5 22. Rac1 e3 23. Be1 Nf4 24. Qf3 e2 25. c3 Nxh3+ 26. Kg2 Nf4+ 27. Kg1
exf1=Q+ 28. Kxf1 a5 0-1

[Event "Winnipeg TNT 2023.06"]
[Site "Winnipeg CAN"]
[Date "2023.06.13"]
[Round "2.7"]
[White "Schwartz, Elazar"]
[Black "Baron, Gustav"]
[Result "0-1"]
[WhiteElo "1240"]
[BlackElo "1996"]
[PlyCount "122"]
[EventDate "2023.06.06"]
[EventType "swiss"]
[EventRounds "4"]
[EventCountry "CAN"]

1. d4 Nf6 2. c4 e6 3. Nc3 Bb4 4. f3 d5 5. Bg5 O-O 6. e4 dxe4 7. fxe4 h6 8. Bxf6
Qxf6 9. Nf3 c5 10. Be2 Nc6 11. e5 Qf4 12. dxc5 Rd8 13. Qc1 Qxc1+ 14. Rxc1 Bxc5
15. Na4 Be3 16. Rc3 Bf4 17. Rd3 Rxd3 18. Bxd3 Bxe5 19. Be4 Bc7 20. Bxc6 bxc6
21. Nc5 Bb6 22. Na4 Ba5+ 23. Ke2 Ba6 24. b3 Rd8 25. Rd1 Rxd1 26. Kxd1 Bb4 27.
Kc2 Bd6 28. c5 Bc7 29. Nd4 Bb7 30. g3 g6 31. b4 e5 32. Ne2 f5 33. Nb2 Kf7 34.
a4 Ke6 35. Nc3 g5 36. Nd3 h5 37. Kd2 h4 38. Ke2 hxg3 39. hxg3 e4 40. Nf2 Bxg3
41. Nh3 Kf6 42. Kf1 Be5 43. Ne2 Ba6 44. b5 cxb5 45. axb5 Bxb5 46. Nf2 a5 47.
Ke1 a4 48. Kd2 a3 49. Nc1 e3+ 50. Kxe3 Bf4+ 51. Kd4 Bxc1 52. c6 a2 53. c7 a1=Q+
54. Kc5 Bd7 55. c8=Q Bxc8 56. Kd5 Be6+ 57. Kc6 Qc3+ 58. Kb5 Qc4+ 59. Ka5 Bd2+
60. Kb6 Be3+ 61. Kb7 Qc8# 0-1

[Event "Winnipeg TNT 2023.06"]
[Site "Winnipeg CAN"]
[Date "2023.06.13"]
[Round "2.8"]
[White "Dhillon, Iqvinder"]
[Black "Odeyemi, Emmanuel"]
[Result "1-0"]
[WhiteElo "1891"]
[BlackElo "1473"]
[PlyCount "87"]
[EventDate "2023.06.06"]
[EventType "swiss"]
[EventRounds "4"]
[EventCountry "CAN"]

1. b3 e5 2. Bb2 Nc6 3. e3 d5 4. Bb5 Bd6 5. f4 Qh4+ 6. g3 Qe7 7. Nf3 f6 8. Nc3
Be6 9. Qe2 Nh6 10. e4 d4 11. Nd5 Qd7 12. c3 dxc3 13. dxc3 a6 14. Bd3 Bg4 15. f5
Ne7 16. Nxe7 Qxe7 17. h3 Bxf3 18. Qxf3 Nf7 19. h4 O-O-O 20. O-O-O Kb8 21. Kb1
Ba3 22. Bc4 Rxd1+ 23. Rxd1 Bxb2 24. Kxb2 Nd6 25. Qe2 h5 26. Bd3 Qe8 27. c4 g6
28. c5 Nc8 29. fxg6 Qxg6 30. Bxa6 bxa6 31. Qxa6 Qxe4 32. c6 Qb4 33. Rd5 Nd6 34.
Ra5 Qd2+ 35. Ka3 Qc1+ 36. Ka4 Qxc6+ 37. Qxc6 Nb7 38. Rb5 Kc8 39. Qxb7+ Kd7 40.
Qd5+ Ke7 41. Rc5 Ra8+ 42. Kb4 Rb8+ 43. Kc3 c6 44. Rxc6 1-0

[Event "Winnipeg TNT 2023.06"]
[Site "Winnipeg CAN"]
[Date "2023.06.13"]
[Round "2.9"]
[White "March, John"]
[Black "Letain, Cory"]
[Result "0-1"]
[WhiteElo "1362"]
[BlackElo "1687"]
[PlyCount "52"]
[EventDate "2023.06.06"]
[EventType "swiss"]
[EventRounds "4"]
[EventCountry "CAN"]

1. c4 Nf6 2. Nc3 e6 3. e4 Nc6 4. g3 Bc5 5. Bg2 O-O 6. Nf3 e5 7. O-O h6 8. Rb1
a6 9. a3 d6 10. b4 Ba7 11. b5 axb5 12. cxb5 Ne7 13. d4 exd4 14. Nxd4 Bg4 15.
Qd3 d5 16. e5 Ne4 17. Bb2 f5 18. Ne6 Qd7 19. Nxf8 Rxf8 20. Nxe4 fxe4 21. Bxe4
dxe4 22. Qxd7 Bxd7 23. Rbc1 Bxb5 24. Rxc7 Bxf1 25. Rxe7 Bxf2+ 26. Kxf1 Bc5+ 0-1

[Event "Winnipeg TNT 2023.06"]
[Site "Winnipeg CAN"]
[Date "2023.06.13"]
[Round "2.10"]
[White "Repaka, Prabhav"]
[Black "Hansima, Charitha"]
[Result "1-0"]
[WhiteElo "1519"]
[BlackElo "1653"]
[PlyCount "67"]
[EventDate "2023.06.06"]
[EventType "swiss"]
[EventRounds "4"]
[EventCountry "CAN"]

1. d4 Nf6 2. Nf3 g6 3. Bf4 d5 4. e3 Bf5 5. Bd3 Bxd3 6. Qxd3 c6 7. Ne5 Bg7 8. h3
Qb6 9. Qb3 Qxb3 10. axb3 Nbd7 11. Nd2 O-O 12. Ndf3 Nxe5 13. Nxe5 Ne4 14. f3 Nd6
15. Nd3 Bf6 16. Nc5 Rfe8 17. Nd3 Nf5 18. Kf2 a6 19. c3 Rad8 20. e4 dxe4 21.
fxe4 Nxd4 22. cxd4 Rxd4 23. Ke3 Red8 24. Rad1 e5 25. Bh6 Be7 26. Nf2 Bc5 27.
Kf3 R8d6 28. Rxd4 Bxd4 29. Be3 Bxb2 30. Rd1 Rf6+ 31. Ke2 Bc3 32. Ng4 Re6 33.
Rd8+ Kg7 34. Bh6# 1-0

[Event "Winnipeg TNT 2023.06"]
[Site "Winnipeg CAN"]
[Date "2023.06.13"]
[Round "2.11"]
[White "Parboosingh, Harrison"]
[Black "De Meyer, Oliver"]
[Result "1-0"]
[WhiteElo "1499"]
[BlackElo "1642"]
[PlyCount "47"]
[EventDate "2023.06.06"]
[EventType "swiss"]
[EventRounds "4"]
[EventCountry "CAN"]

1. e4 c6 2. d4 d5 3. f3 c5 4. exd5 Nf6 5. Bb5+ Bd7 6. Bxd7+ Nbxd7 7. c4 b5 8.
b3 bxc4 9. bxc4 Qb6 10. Ne2 e6 11. dxe6 Qxe6 12. d5 Qb6 13. Nbc3 Qa6 14. Nb5
Qb7 15. Rb1 Nb6 16. Bf4 Rc8 17. a4 Qd7 18. a5 Nxc4 19. Qa4 Nd6 20. Bxd6 a6 21.
Nc7+ Kd8 22. Qxd7+ Kxd7 23. Bxf8 Rxc7 24. Bxg7 1-0

[Event "Winnipeg TNT 2023.06"]
[Site "Winnipeg CAN"]
[Date "2023.06.13"]
[Round "2.12"]
[White "Bilugan, Mason"]
[Black "Guan, Marcus"]
[Result "0-1"]
[WhiteElo "1450"]
[BlackElo "1639"]
[PlyCount "98"]
[EventDate "2023.06.06"]
[EventType "swiss"]
[EventRounds "4"]
[EventCountry "CAN"]

1. e4 c6 2. Nf3 d5 3. exd5 cxd5 4. d4 Nc6 5. c3 Bg4 6. Bf4 Nf6 7. Be2 e6 8. h3
Bf5 9. O-O Be7 10. Nh4 Bxb1 11. Rxb1 Ne4 12. Nf3 O-O 13. Ne5 Qa5 14. Nxc6 bxc6
15. f3 Nf6 16. Ra1 c5 17. Be3 Rab8 18. Qc2 Rb7 19. Rab1 Rfb8 20. b3 c4 21. b4
Qc7 22. f4 Ne4 23. Kh2 Bh4 24. Bf3 Ng3 25. Rfe1 Nf5 26. Qd2 Bxe1 27. Rxe1 a5
28. a3 Qd7 29. Qc2 Qd8 30. Bg4 Nh6 31. g3 Nxg4+ 32. hxg4 axb4 33. axb4 Ra8 34.
Bc1 Rba7 35. Bb2 Qf6 36. g5 Qg6 37. Qb1 Qxb1 38. Rxb1 g6 39. Kg2 Kg7 40. Kf3
Ra2 41. f5 gxf5 42. Kf4 f6 43. gxf6+ Kxf6 44. g4 Rg8 45. gxf5 exf5 46. b5 h5
47. Kf3 h4 48. Bc1 Rg3+ 49. Kf4 Rf2# 0-1

[Event "Winnipeg TNT 2023.06"]
[Site "Winnipeg CAN"]
[Date "2023.06.13"]
[Round "2.13"]
[White "Williams, Eric"]
[Black "Gannon, Keith"]
[Result "1-0"]
[WhiteElo "1614"]
[BlackElo "1450"]
[PlyCount "39"]
[EventDate "2023.06.06"]
[EventType "swiss"]
[EventRounds "4"]
[EventCountry "CAN"]

1. e4 e5 2. d4 exd4 3. c3 dxc3 4. Bc4 Qe7 5. Nxc3 Nf6 6. Nf3 Nxe4 7. O-O Nxc3
8. bxc3 d6 9. Qb3 Nc6 10. Re1 Ne5 11. Kf1 f6 12. Nd4 Kd8 13. f4 c5 14. Nf3 Qc7
15. fxe5 dxe5 16. Be3 Bg4 17. Rad1+ Ke7 18. Bxc5+ Qxc5 19. Qxb7+ Ke8 20. Bf7#
1-0

[Event "Winnipeg TNT 2023.06"]
[Site "Winnipeg CAN"]
[Date "2023.06.13"]
[Round "2.14"]
[White "Ling, Aiden"]
[Black "Melnyk, James"]
[Result "1-0"]
[WhiteElo "1352"]
[BlackElo "1602"]
[PlyCount "77"]
[EventDate "2023.06.06"]
[EventType "swiss"]
[EventRounds "4"]
[EventCountry "CAN"]

1. e4 d6 2. d4 Nd7 3. Nf3 e5 4. c3 Ngf6 5. Bd3 g6 6. Bg5 Bg7 7. Nbd2 c6 8. O-O
Qc7 9. Re1 Nf8 10. Nc4 N8d7 11. dxe5 dxe5 12. Bc2 O-O 13. Qd6 Qxd6 14. Nxd6 h6
15. Bh4 g5 16. Bg3 Nh5 17. Rad1 Nxg3 18. Nxc8 Raxc8 19. Rxd7 Nh5 20. Rxb7 Nf4
21. g3 Ne6 22. Rxa7 Rb8 23. b4 Ra8 24. Rxa8 Rxa8 25. a4 Kf8 26. a5 c5 27. Ra1
cxb4 28. cxb4 Nd4 29. Nxd4 exd4 30. Bd3 Ke7 31. b5 Kd7 32. b6 Kc6 33. Kf1 Bf8
34. Rc1+ Kd6 35. a6 Be7 36. b7 Rb8 37. a7 Rxb7 38. a8=Q Rd7 39. Qd5# 1-0

[Event "Winnipeg TNT 2023.06"]
[Site "Winnipeg CAN"]
[Date "2023.06.13"]
[Round "2.15"]
[White "Kumbharathi, Harsha"]
[Black "Balamanage, Dineth"]
[Result "1-0"]
[WhiteElo "1564"]
[BlackElo "1117"]
[PlyCount "77"]
[EventDate "2023.06.06"]
[EventType "swiss"]
[EventRounds "4"]
[EventCountry "CAN"]

1. e4 c5 2. c3 d5 3. exd5 Qxd5 4. d4 Nc6 5. Nf3 Nf6 6. Be2 e6 7. Bg5 Be7 8. h3
O-O 9. c4 Qd8 10. Be3 b6 11. Nc3 cxd4 12. Nxd4 Qc7 13. Nxc6 Qxc6 14. Bf3 Qxc4
15. Bxa8 Bd7 16. Bf3 Bb4 17. Bd2 e5 18. Qe2 Qe6 19. O-O Bxc3 20. Bxc3 Re8 21.
Qe3 e4 22. Bxf6 exf3 23. Qxe6 Rxe6 24. Bc3 fxg2 25. Kxg2 Bc6+ 26. f3 Rg6+ 27.
Kf2 Rh6 28. Rad1 f6 29. Rd6 Bb5 30. Rg1 Rxh3 31. Bxf6 g6 32. b3 Rh2+ 33. Rg2
Rh1 34. Kg3 Bf1 35. Rc2 Rh3+ 36. Kg4 Rh5 37. Rc8+ Kf7 38. Rc7+ Ke8 39. Rd8# 1-0

[Event "Winnipeg TNT 2023.06"]
[Site "Winnipeg CAN"]
[Date "2023.06.20"]
[Round "3.1"]
[White "Rutter, Blair"]
[Black "Babb, Jeff"]
[Result "1-0"]
[WhiteElo "1890"]
[BlackElo "2136"]
[PlyCount "85"]
[EventDate "2023.06.06"]
[EventType "swiss"]
[EventRounds "4"]
[EventCountry "CAN"]

1. c4 g6 2. g3 Bg7 3. Bg2 f5 4. d3 c6 5. Nc3 Nf6 6. Nf3 d6 7. O-O O-O 8. Re1 a5
9. h3 Na6 10. d4 Ne4 11. e3 Nxc3 12. bxc3 Kh8 13. Rb1 Rb8 14. Qe2 Qe8 15. Ba3
Bf6 16. e4 fxe4 17. Nh2 d5 18. f3 exf3 19. Nxf3 Bf5 20. Rb2 Be4 21. Nh2 Bxg2
22. Kxg2 dxc4 23. Ng4 c5 24. Nxf6 exf6 25. dxc5 Qc6+ 26. Qf3 Nc7 27. Rbe2 Rbe8
28. Bc1 Rxe2+ 29. Rxe2 Qxc5 30. Bh6 b5 31. Bxf8 Qxf8 32. Qc6 Qd8 33. Kh2 Kg7
34. Qc5 Kf7 35. a3 Qd7 36. h4 h5 37. Qe3 Qe6 38. Qd2 Qg4 39. Rf2 Kg7 40. Qd8
Ne6 41. Qxf6+ Kh7 42. Qf7+ Kh6 43. Qg8 1-0

[Event "Winnipeg TNT 2023.06"]
[Site "Winnipeg CAN"]
[Date "2023.06.20"]
[Round "3.2"]
[White "Zashev, Aleksandar"]
[Black "Bince, Rolando"]
[Result "1-0"]
[WhiteElo "2074"]
[BlackElo "1876"]
[PlyCount "91"]
[EventDate "2023.06.06"]
[EventType "swiss"]
[EventRounds "4"]
[EventCountry "CAN"]

1. d4 Nf6 2. Nf3 d5 3. Bf4 c5 4. c3 e6 5. e3 Bd6 6. Bg3 O-O 7. Nbd2 Nc6 8. Ne5
cxd4 9. exd4 Bxe5 10. dxe5 Nd7 11. Nf3 f6 12. exf6 Nxf6 13. Bd3 e5 14. Nxe5 Re8
15. f4 Nxe5 16. fxe5 Bg4 17. Qa4 Bd7 18. Qd4 Qb6 19. O-O Qxd4+ 20. cxd4 Nh5 21.
Bh4 Rf8 22. Be7 Rfe8 23. Bg5 Rf8 24. Be2 g6 25. Bxh5 gxh5 26. Bh6 Rf7 27. Rxf7
Kxf7 28. Rf1+ Kg8 29. Rf6 Re8 30. Kf2 Be6 31. Kg3 Bf7 32. Kf4 Be6 33. Kg5 Bf7
34. Rd6 Re6 35. Rd8+ Be8 36. Kf5 Kf7 37. Bg5 Bc6 38. Rh8 Bd7 39. Rxh7+ Ke8 40.
Kf4 Bc6 41. Rxh5 Kf7 42. Kf5 Bd7 43. Rh7+ Ke8 44. Kf4 b5 45. b4 a6 46. h4 1-0

[Event "Winnipeg TNT 2023.06"]
[Site "Winnipeg CAN"]
[Date "2023.06.20"]
[Round "3.3"]
[White "Xhou, Joe"]
[Black "Dhillon, Iqvinder"]
[Result "0-1"]
[WhiteElo "1621"]
[BlackElo "1891"]
[PlyCount "94"]
[EventDate "2023.06.06"]
[EventType "swiss"]
[EventRounds "4"]
[EventCountry "CAN"]

1. c4 f5 2. b3 Nf6 3. Nc3 e6 4. Bb2 b6 5. Nf3 Bb7 6. e3 Be7 7. Be2 O-O 8. O-O
Ne4 9. d3 Nxc3 10. Bxc3 Bf6 11. Qc2 d6 12. Nd4 Qe7 13. Bf3 Bxf3 14. Nxf3 Nd7
15. Rfe1 g5 16. Nd4 c5 17. Ne2 h5 18. Rad1 h4 19. d4 Qg7 20. d5 Bxc3 21. Qxc3
e5 22. Kh1 Rf6 23. f3 Raf8 24. Qd3 Rh6 25. h3 Kh8 26. e4 fxe4 27. Qxe4 Nf6 28.
Qd3 Nh5 29. Kg1 Nf4 30. Nxf4 gxf4 31. Qc2 Rg6 32. Qf2 Rg3 33. Kh2 Rg8 34. Re2
Qh7 35. Qe1 Qf5 36. Qd2 R8g5 37. a4 Qg6 38. Rde1 a5 39. Qb2 Qg7 40. Qc2 Qf6 41.
Qe4 Rg7 42. Qc2 Qg5 43. Rf2 Rxh3+ 44. Kg1 Rg3 45. Kf1 Qh5 46. Rd1 h3 47. gxh3
Rxf3 0-1

[Event "Winnipeg TNT 2023.06"]
[Site "Winnipeg CAN"]
[Date "2023.06.20"]
[Round "3.4"]
[White "Letain, Cory"]
[Black "Currie, James"]
[Result "1-0"]
[WhiteElo "1687"]
[BlackElo "1951"]
[PlyCount "51"]
[EventDate "2023.06.06"]
[EventType "swiss"]
[EventRounds "4"]
[EventCountry "CAN"]

1. e4 d5 2. d4 dxe4 3. Nc3 Nf6 4. f3 c5 5. d5 exf3 6. Nxf3 g6 7. Bc4 Bg7 8. O-O
O-O 9. h3 a6 10. a4 Nbd7 11. Bf4 Ne8 12. Qd2 Nd6 13. Ba2 b5 14. Bxd6 Bxc3 15.
bxc3 exd6 16. Qh6 Qf6 17. Rae1 Qg7 18. Qf4 Nb6 19. Qxd6 Nxa4 20. Qc6 Bf5 21. g4
Bxc2 22. d6 Nxc3 23. Bxf7+ Qxf7 24. Ng5 Ne2+ 25. Kh2 Qc4 26. Qd7 1-0

[Event "Winnipeg TNT 2023.06"]
[Site "Winnipeg CAN"]
[Date "2023.06.20"]
[Round "3.5"]
[White "Abdildin, Amangeldi"]
[Black "Repaka, Prabhav"]
[Result "0-1"]
[WhiteElo "1835"]
[BlackElo "1519"]
[PlyCount "116"]
[EventDate "2023.06.06"]
[EventType "swiss"]
[EventRounds "4"]
[EventCountry "CAN"]

1. d4 d5 2. c4 c6 3. Nf3 Bf5 4. e3 e6 5. Nc3 Nf6 6. Bd3 Bg6 7. O-O Bd6 8. Re1
Ne4 9. Bxe4 dxe4 10. Nd2 f5 11. d5 exd5 12. cxd5 O-O 13. Qb3 Rf7 14. Nf1 Nd7
15. Qxb7 cxd5 16. Rd1 Nb6 17. Qa6 Bh5 18. Rd2 Be5 19. Nxd5 Nxd5 20. Qc6 Rc8 21.
Rxd5 Rxc6 22. Rxd8+ Rf8 23. Rxf8+ Kxf8 24. Bd2 Bxb2 25. Rb1 Rc2 26. Bb4+ Ke8
27. Ng3 Bg6 28. h4 h6 29. Nf1 Bf7 30. a3 Bc4 31. Nd2 Ba6 32. Rd1 Be5 33. Nb3
Bc3 34. Nc1 Bxb4 35. axb4 Bc4 36. g3 Ke7 37. Kg2 g5 38. hxg5 hxg5 39. g4 f4 40.
exf4 gxf4 41. Kg1 Kf6 42. Re1 Kg5 43. b5 Kxg4 44. Rxe4 Rxc1+ 45. Kg2 Bd5 46.
f3+ Kf5 47. Re2 Rc3 48. Rf2 Rb3 49. Rf1 Rxb5 50. Ra1 a5 51. Kf2 Rb2+ 52. Kf1
Ra2 53. Rb1 Bxf3 54. Rb8 Kg4 55. Rg8+ Kh4 56. Rf8 Kg3 57. Rg8+ Bg4 58. Ke1 f3
0-1

[Event "Winnipeg TNT 2023.06"]
[Site "Winnipeg CAN"]
[Date "2023.06.20"]
[Round "3.6"]
[White "Roberts, Allan"]
[Black "Williams, Eric"]
[Result "1-0"]
[WhiteElo "1398"]
[BlackElo "1614"]
[PlyCount "49"]
[EventDate "2023.06.06"]
[EventType "swiss"]
[EventRounds "4"]
[EventCountry "CAN"]

1. c4 e6 2. Nc3 Nf6 3. e4 Nc6 4. Nf3 a6 5. e5 Ng8 6. d4 d6 7. Bf4 Nge7 8. exd6
cxd6 9. a3 Ng6 10. Bg3 Be7 11. d5 Na5 12. b4 Bf6 13. Qc2 exd5 14. bxa5 Qe7+ 15.
Be2 Be6 16. Rd1 Rc8 17. Nxd5 Bxd5 18. Rxd5 O-O 19. O-O Rfe8 20. Bd3 Be5 21.
Bxg6 hxg6 22. Re1 Qe6 23. Qe2 Qg4 24. Nxe5 dxe5 25. Qxg4 1-0

[Event "Winnipeg TNT 2023.06"]
[Site "Winnipeg CAN"]
[Date "2023.06.20"]
[Round "3.8"]
[White "Stordeur, Jackson"]
[Black "Parboosingh, Harrison"]
[Result "1-0"]
[WhiteElo "1643"]
[BlackElo "1499"]
[PlyCount "71"]
[EventDate "2023.06.06"]
[EventType "swiss"]
[EventRounds "4"]
[EventCountry "CAN"]

1. e4 c5 2. Nf3 d6 3. d4 cxd4 4. Nxd4 Nf6 5. Nc3 a6 6. Be2 e5 7. Nb3 Be6 8. f4
Be7 9. f5 Bd7 10. O-O Bc6 11. Bf3 Nbd7 12. Be3 O-O 13. Qe1 b5 14. Nd2 Qc7 15.
Rc1 Nc5 16. Bg5 Qb7 17. b4 Ncd7 18. Nb3 Bd8 19. Rd1 Bb6+ 20. Kh1 Qc7 21. Qd2
Qb7 22. Qxd6 Rad8 23. Qd3 Nc5 24. Nxc5 Bxc5 25. Qxd8 Rxd8 26. Rxd8+ Bf8 27.
Rfd1 h6 28. Bh4 Qc7 29. h3 Bd7 30. Bxf6 gxf6 31. R1xd7 Qxc3 32. Bh5 Qe1+ 33.
Kh2 Qf1 34. Bxf7+ Kh8 35. Rxf8+ Kg7 36. Rg8+ 1-0